ბათუმის შოთა რუსთაველის სახელმწიფო უნივერსიტეტის ბიბლიოთეკა

გზები რუსთაველის ეპოქის საქართველოში / (ბიბ.ჩანაწერი № 56134)

000 -ლიდერი
ფიქსირებული სიგრძის საკონტროლო ველი 01364nam a2200265Ia 4500
001 - საკონტროლო ნომერი
საკონტროლო ველი 23235
003 - საკონტროლო ნომრის იდენტიფიკატორი
საკონტროლო ველი GE_BSU
005 - ბოლო ოპერაციის თარიღი და დრო
საკონტროლო ველი 20230628101036.0
008 - ფიქსირებული სიგრძის მონაცემთა ელემენტები - ზოგადი ინფორმაცია
ფიქსირებული სიგრძის საკონტროლო ველი 181216s1966ge xx |||||||||||||| ||geo||
040 ## - კატალოგიზაციის წყარო
Transcribing agency GE_BSU
041 ## - ენის კოდი
Language code of text/sound track or separate title geo
080 ## - უნივერსალური ათობითი კლასიფიკაციის ინდექსი
Universal Decimal Classification number 94(479.22) ბ-57
100 ## - მთავარი ჩანაწერი - პიროვნების სახელი
Personal name ბერძენიშვილი, ნიკო
9 (RLIN) 19022
245 ## - ცნობა სათაურის შესახებ
Title გზები რუსთაველის ეპოქის საქართველოში /
Statement of responsibility, etc ნიკო ბერძენიშვილი,რედ. მ. ბერძენიშვილი, დ. მეგრელაძე
264 ## - წარმოების, გამოცემის, დისტრიბუციის და სხვა ცნობები
გამოცემის, წარმოების, დისტრიბუციის... ადგილი თბილისი :
გამოცემის, წარმოების, დისტრიბუციის... სახელწოდება მეცნიერება,
გამოცემის, წარმოების, დისტრიბუციის... თარიღი 1966.
300 ## - ფიზიკური აღწერა
Extent 136 გვ. ;
Other physical details 21 სმ.
501 ## - შენიშვნა თანმხლებ მასალაზე
With note საძიებლები: გეოგრაფიულ სახელთა, პირთა სახელების გვ. 122-135.
520 ## - SUMMARY, ETC.
Summary, etc პარალ. თავფურ. რუს. ენ.
653 ## - INDEX TERM--UNCONTROLLED
Uncontrolled term გზები რუსთაველის ეპოქის საქართველოში
653 ## - INDEX TERM--UNCONTROLLED
Uncontrolled term საქართველოს ისტორია
700 ## - ADDED ENTRY--PERSONAL NAME
Personal name ბერძენიშვილი, მ
Relator term რედაქტორი
9 (RLIN) 18011
700 ## - ADDED ENTRY--PERSONAL NAME
Personal name მეგრელაძე, დ.
Relator term რედაქტორი
9 (RLIN) 19023
942 ## - ADDED ENTRY ELEMENTS (KOHA)
Koha item type წიგნი
Source of classification or shelving scheme
ეგზემპლარები
ჩამოწერის სტატუსი დაკარგული ეგზემპლარის სტატუსი კლასიფიკაციის წყარო ან თაროზე გაწყობის სქემა დაზიანების სტატუსი არ გაიცემა მუდმივი მდებარეობა (დაცვის ადგილი) ამჟამინდელი ადგილსამყოფელი თაროზე განთავსების ადგილი შეძენის თარიღი ღირებულება, შესყიდვის ნორმალური ფასი სრული შენახვის შიფრი შტრიხკოდი ბოლო ოპერაციის თარიღი ეგზემპლარის მიმდევრობითი ნომერი (კეტერი?) ფასის ძალაში შესვლის თარიღი ეგზემპლარის სახეობა საჯარო შენიშვნა Uniform Resource Identifier
          ბათუმის შოთა რუსთაველის სახელმწიფო უნივერსიტეტის მთავარი ბიბლიოთეკა ბათუმის შოთა რუსთაველის სახელმწიფო უნივერსიტეტის მთავარი ბიბლიოთეკა წიგნსაცავი 2018-12-17 5.00 94(479.22) ბ-57 28197 2018-12-17 28197 2018-12-17 წიგნი 5.00  
          ბათუმის შოთა რუსთაველის სახელმწიფო უნივერსიტეტის მთავარი ბიბლიოთეკა ბათუმის შოთა რუსთაველის სახელმწიფო უნივერსიტეტის მთავარი ბიბლიოთეკა წიგნსაცავი 2023-06-28 5.00 94(479.22) ბ-57 64835 2023-06-28 64835 2023-06-28 წიგნი 5.00 ბსუ-ს საპატიო დოქტორის გურამ ლორთქიფანიძის საჩუქარი